Las ventanas
Saved in:
| Hovedforfatter: | |
|---|---|
| Format: | Bog |
| Sprog: | spansk |
| Udgivet: |
Barcelona
RM
1970
|
| Fag: | |
| Tags: |
Tilføj Tag
Ingen Tags, Vær først til at tagge denne postø!
|
MARC
| LEADER | 00000nam a2200000 a 4500 | ||
|---|---|---|---|
| 001 | UCS3354 | ||
| 003 | CL-VaPUC | ||
| 008 | 970620e19700000SP |||||||||||||||||spa|d | ||
| 082 | 0 | 4 | |a 891.861 |b RIL |2 21 |
| 100 | |a Rilke, Rainer Maria |e author |9 265571 | ||
| 245 | 1 | 4 | |a Las ventanas |
| 300 | |a 11 p | ||
| 942 | |c BK | ||
| 945 | |d 19970620 00:00:00 |a rleighto | ||
| 260 | |a Barcelona |b RM |c 1970 | ||
| 650 | 7 | |a POESIAS CHECOESLOVACAS |2 CL-VaPUC |9 266295 | |
| 583 | |a last modification |c 19970620 00:00:00 |k Rodrigo Vera | ||
| 999 | |c 261091 |d 261089 | ||
| 952 | |0 0 |1 0 |4 0 |6 891_861000000000000_RIL_1970 |7 0 |8 A |9 287900 |a BIBART |b BIBART |d 2019-11-19 |i 3322475 |o 891.861 RIL 1970 |p 3322475 |r 2025-03-13 |w 2019-11-19 |y BK |k ART | ||